[Event "Speed Chess (Women)"]
[Site "Chess.com INT"]
[Date "2023.11.13"]
[Round "1.17"]
[White "Hou, Yifan"]
[Black "Shuvalova, Polina"]
[Result "1-0"]
[WhiteElo "2632"]
[BlackElo "2497"]
[PlyCount "119"]
[EventDate "2023.11.13"]
[EventType "k.o. (blitz)"]
[EventRounds "3"]
[EventCountry "USA"]
[SourceTitle "CB47_2023"]
[SourceDate "2023.11.22"]
[SourceVersion "1"]
[SourceVersionDate "2023.11.22"]
[SourceQuality "1"]

1. e4 c6 2. d4 d5 3. exd5 cxd5 4. c3 Nc6 5. Bf4 Nf6 6. Bd3 Bg4 7. Qb3 Qd7 8. Nd2 e6 9. Ngf3 Bd6 10. Bxd6 Qxd6 11. 0-0 0-0 12. Rae1 Bxf3 13. Nxf3 Nd7 14. Qc2 g6 15. Qd2 Kg7 16. h4 h5 17. g3 Rfe8 18. Kg2 a6 19. Re2 b5 20. a3 Rab8 21. Rfe1 a5 22. Ne5 Ndxe5 23. dxe5 Qe7 24. b4 Rec8 25. Qf4 Rc7 26. Rb2 axb4 27. axb4 Na7 28. Rb3 Rbc8 29. Rc1 Qd7 30. Qd4 Nc6 31. Qe3 Ne7 32. Ra3 d4 33. Qe2 Rxc3 34. Raxc3 dxc3 35. Bxb5 Qd5+ 36. Kg1 Nf5 37. Bd3 Nd4 38. Qe3 c2 39. Be4 Qc4 40. Kg2 Qxb4 41. Qf4 Qe7 42. Qe3 Qc5 43. Qf4 Kg8 44. Qf6 Qf8 45. Bxg6 fxg6 46. Qxg6+ Qg7 47. Qe4 Rc4 48. Qa8+ Kh7 49. Qe4+ Qg6 50. Qb7+ Kh6 51. Qa8 Qf7 52. Qh8+ Kg6 53. Qa8 Ne2 54. Qa6 Rc3 55. Qxe2 Qf5 56. Qd2 Qe4+ 57. Kh2 Rc4 58. f3 Kf7 59. fxe4 Rxe4 60. Rxc2 1-0

[Event "Speed Chess (Women)"]
[Site "Chess.com INT"]
[Date "2023.11.13"]
[Round "1.21"]
[White "Hou, Yifan"]
[Black "Shuvalova, Polina"]
[Result "1-0"]
[WhiteElo "2632"]
[BlackElo "2497"]
[PlyCount "95"]
[EventDate "2023.11.13"]
[EventType "k.o. (blitz)"]
[EventRounds "3"]
[EventCountry "USA"]
[SourceTitle "CB47_2023"]
[SourceDate "2023.11.22"]
[SourceVersion "1"]
[SourceVersionDate "2023.11.22"]
[SourceQuality "1"]

1. e4 c6 2. d4 d5 3. exd5 cxd5 4. c3 Nc6 5. Bf4 Nf6 6. Nd2 Bg4 7. Qb3 Qd7 8. Ngf3 e6 9. Ne5 Qc8 10. Nxg4 Nxg4 11. Bd3 Nf6 12. Nf3 Be7 13. 0-0 0-0 14. Rae1 a6 15. Qc2 g6 16. Ne5 Nxe5 17. Bxe5 Nd7 18. Bf4 Re8 19. a4 Qc6 20. a5 Bd6 21. Bxd6 Qxd6 22. Qb3 Qc7 23. Re3 Rac8 24. Qa4 Nb8 25. Ra1 Nc6 26. h3 Kg7 27. Qa3 h5 28. h4 Ne7 29. Qb4 Nc6 30. Qa3 Qd7 31. Rae1 Rc7 32. Bc2 Rec8 33. Ba4 Qd8 34. Bxc6 Rxc6 35. Qb4 Qxh4 36. Qxb7 R8c7 37. Qb8 Qe7 38. Rf3 Rc4 39. Qb6 R4c6 40. Qb3 Rb7 41. Qa2 Qc7 42. Rc1 Qb8 43. Rc2 Rb5 44. Rd3 Qc7 45. b4 Rxb4 46. cxb4 Rxc2 47. Qb3 Rc3 48. Rxc3 1-0

[Event "Speed Chess (Women)"]
[Site "Chess.com INT"]
[Date "2023.11.13"]
[Round "1.2"]
[White "Shuvalova, Polina"]
[Black "Hou, Yifan"]
[Result "1-0"]
[WhiteElo "2497"]
[BlackElo "2632"]
[PlyCount "63"]
[EventDate "2023.11.13"]
[EventType "k.o. (blitz)"]
[EventRounds "3"]
[EventCountry "USA"]
[SourceTitle "CB47_2023"]
[SourceDate "2023.11.22"]
[SourceVersion "1"]
[SourceVersionDate "2023.11.22"]
[SourceQuality "1"]

1. e4 c5 2. Nf3 d6 3. Bb5+ Bd7 4. Bxd7+ Qxd7 5. 0-0 Nf6 6. Re1 Nc6 7. c3 e6 8. d4 cxd4 9. cxd4 d5 10. e5 Ne4 11. Nbd2 Nxd2 12. Bxd2 Be7 13. h4 0-0 14. Re3 f6 15. exf6 Bxf6 16. Bc3 Ne7 17. g3 Nf5 18. Re2 Nd6 19. Qd3 Ne4 20. Rae1 Rac8 21. Nd2 Nxc3 22. bxc3 Rc6 23. Nf3 Rfc8 24. Re3 h6 25. Kg2 Rxc3 26. Qxc3 Rxc3 27. Rxc3 Qa4 28. Rc8+ Kh7 29. Rxe6 Bxd4 30. h5 Qxa2 31. Nxd4 Qa4 32. Ree8 1-0

[Event "Speed Chess (Women)"]
[Site "Chess.com INT"]
[Date "2023.11.13"]
[Round "1.8"]
[White "Shuvalova, Polina"]
[Black "Hou, Yifan"]
[Result "1-0"]
[WhiteElo "2497"]
[BlackElo "2632"]
[PlyCount "63"]
[EventDate "2023.11.13"]
[EventType "k.o. (blitz)"]
[EventRounds "3"]
[EventCountry "USA"]
[SourceTitle "CB47_2023"]
[SourceDate "2023.11.22"]
[SourceVersion "1"]
[SourceVersionDate "2023.11.22"]
[SourceQuality "1"]

1. e4 e6 2. d4 d5 3. Nd2 c5 4. exd5 Qxd5 5. Ngf3 cxd4 6. Bc4 Qd7 7. 0-0 Nc6 8. Nb3 Nf6 9. Nbxd4 Nxd4 10. Nxd4 a6 11. Re1 b5 12. Bb3 Be7 13. Bg5 Bb7 14. c3 Bd5 15. Nf5 Bxb3 16. Nxg7+ Kf8 17. Qxd7 Nxd7 18. Bh6 Bc4 19. b3 f6 20. bxc4 Kf7 21. Nxe6 bxc4 22. Nd4 Ne5 23. Rab1 Rab8 24. Bf4 Rxb1 25. Rxb1 Nd3 26. Be3 Rd8 27. Rb7 Nc5 28. Rxe7+ Kxe7 29. Nc6+ Kd7 30. Nxd8 Ne4 31. Nb7 Nxc3 32. Na5 1-0